000 00458nam a2200181Ia 4500
001 18316
005 20260306171621.0
008 260306s9999||||xx |||||||||||||| ||und||
041 _aESP
082 _a658.403
_bC24
100 _aCampos Santillán, Tirso
_eAUT
245 0 _aProblemario de pronósticos para la toma de decisiones
260 _c2001
300 _a191 páginas :
_c23 cm.
650 _aGEN
654 _aCAN
942 _cLIB
_dJUS
_fJUS
_2ddc
_n
999 _c18316
_d18316